NFB welcomes growth in GDP but cautions about the tougher times ahead (Record no. 82609)

MARC details
000 -LEADER
fixed length control field 00819cad a22002055a 4500
001 - CONTROL NUMBER
control field L150693
008 - FIXED-LENGTH DATA ELEMENTS--GENERAL INFORMATION
fixed length control field 100715e20100726xxk 000 0 eng d
035 ## - SYSTEM CONTROL NUMBER
System control number (Sirsi) u150693
041 0# - LANGUAGE CODE
Language code of text/sound track or separate title eng
110 2# - MAIN ENTRY--CORPORATE NAME
Corporate name or jurisdiction name as entry element National Federation of Builders
9 (RLIN) 4086
245 00 - TITLE STATEMENT
Title NFB welcomes growth in GDP but cautions about the tougher times ahead
Medium [electronic resource]
260 ## - PUBLICATION, DISTRIBUTION, ETC.
Date of publication, distribution, etc. 2010
490 ## - SERIES STATEMENT
Series statement NFB Press Release
Volume/sequential designation 26 July 2010
520 ## - SUMMARY, ETC.
Summary, etc. Construction output in the UK rose 6.6% in the second quarter, compared with a decrease of 1.6% in the previous quarter.
590 ## - LOCAL NOTE (RLIN)
Local note KA
651 #4 - SUBJECT ADDED ENTRY--GEOGRAPHIC NAME
Geographic name United Kingdom
Chronological subdivision
690 ## - LOCAL SUBJECT ADDED ENTRY--TOPICAL TERM (OCLC, RLIN)
Topical term or geographic name as entry element BUILT ENVIRONMENT
856 40 - ELECTRONIC LOCATION AND ACCESS
Uniform Resource Identifier <a href="https://www.builders.org.uk/resources/nfb/000/290/816/NFB_welcomes_GDP_increase_Web.pdf">https://www.builders.org.uk/resources/nfb/000/290/816/NFB_welcomes_GDP_increase_Web.pdf</a>
Public note View the press release free of charge at www.builders.org.uk
942 ## - ADDED ENTRY ELEMENTS (KOHA)
Suppress in OPAC 0
Holdings
Withdrawn status Lost status Source of classification or shelving scheme Damaged status Not for loan Home library Current library Shelving location Date acquired Total Checkouts Full call number Barcode Date last seen Copy number Price effective from Koha item type
    Dewey Decimal Classification     Virtual Virtual Online 17/08/2010   ONLINE PUBLICATION 150693-2001 06/08/2019 1 06/08/2019 Journal article